| 000 | 01085cam a2200313 i 4500 | ||
|---|---|---|---|
| 001 | 19157 | ||
| 003 | KOSZ 005 | ||
| 005 | 20200820114017.0 | ||
| 008 | 000320s1979 pl a |000 0 pol | ||
| 015 | _aPB 1980/2336 | ||
| 020 | _a8304003945 | ||
| 040 |
_aWA N _cWA N _dKOSZ 005/HR |
||
| 041 | 0 | _apol | |
| 046 | _k1979 | ||
| 080 | _a535 | ||
| 100 | 1 |
_aMikusiński, Jan _d(1913-1987) _eAutor |
|
| 245 | 1 | 0 |
_aO przyrządach optycznych osiowosymetrycznych / _cJan Mikusiński, Krystyna Skórnik ; Polska Akademia Nauk, Oddział w Katowicach, Komisja Nauk Matematyczno-Fizycznych. |
| 260 |
_aWrocław : _bZakład Narodowy im. Ossolińskich, _c1979. |
||
| 300 |
_a73 s. : _bil., tab., wykr. ; _c25 cm. |
||
| 380 | _aKsiążki | ||
| 388 | _a1901-2000 | ||
| 504 | _aBibliogr. s. 72-73. | ||
| 658 | _aInżynieria i technika | ||
| 650 | 4 | _aOptyka | |
| 650 | 4 | _aUrządzenia optyczne | |
| 700 | 1 |
_aSkórnik, Krystyna _eAutor |
|
| 856 |
_uhttp://koha.tu.koszalin.pl/cgi-bin/koha/opac-detail.pl?biblionumber=19157 _yKatalog online BPK |
||
| 942 |
_2UKD _cKS |
||
| 999 |
_c19157 _d19157 |
||